LEADER 01167nam a2200229 i 4500 001 000000049305 003 CaOOAMICUS 005 20090518000000.0 008 090518s1994 it u000 u ita u 013 $a20475 040 $aSeMil$bita 245 12$aL'insegnamento delle scienze nella formazione dei giovani :$besperienze di educazione alla salute, progetto giovani, progetto genitori, orientamento /$c[premessa di Teresa Barrella Pietrantonio]. 260 $a[S.l. :$bs.n.],$cstampa 1994. 300 $a97 p. ;$c21 cm. 650 4$aAdolescenti - Educazione.$0(OLS)http://semarc/subject/6888 650 4$aScienze applicate - Insegnamento.$0(OLS)http://semarc/subject/10253 700 1 $aBarrella Pietrantonio, Teresa.$0(OLS)http://semarc/name/24417 850 $aSeMil 852 $aSeMil$W1$xVenegono$y1$m2Q III 394$j15460$B15460$CSeMilBibl$Z2$F15460 $81 961 $aOmaggio: Scuola Cattolica 996 $6245$aL'insegnamento delle scienze nella formazione dei giovani :$besperienze di educazione alla salute, progetto giovani, progetto genitori, orientamento$9(OLS)http://semarc/title/74916 996 $6260$a[S.l. :$bs.n.]$9(OLS)http://semarc/publisher/29751 LEADER 00903nam a2200229 i 4500 001 000000071607 003 CaOOAMICUS 005 20081211000000.0 008 081211s1974 it u000 u ita u 013 $a42779 040 $aSeMil$bita 100 1 $aLualdi, Maria.$0(OLS)http://semarc/name/35556 245 13$aIl problema della philia e il Liside platonico /$cMaria Lualdi. 260 $aMilano :$bCELUC,$c1974. 300 $a156 p. ;$c22 cm. 490 0 $aScienze umane ;$v31 650 4$aPlatone . Liside.$0(OLS)http://semarc/subject/14338 830 0$aScienze umane ;$v31.$0(OLS)http://semarc/title/7619 850 $aSeMil 852 $aSeMil$W1$xVenegono$y1$m2P IV 312$j37760$B37760$CSeMilBibl$Z2$F37763 $81 996 $6245$aIl problema della philia e il Liside platonico$9(OLS)http://semarc/title/115209 996 $6260$aMilano :$bCELUC$9(OLS)http://semarc/publisher/31400